Normal view
MARC view
Entry Personal Name
001 - CONTROL NUMBER
- control field: 1144987
003 - CONTROL NUMBER IDENTIFIER
- control field: OSt
005 - DATE AND TIME OF LATEST TRANSACTION
- control field: 20260324113006.0
008 - FIXED-LENGTH DATA ELEMENTS
- fixed length control field: 260324|| aca||aabn | a|a d
040 ## - CATALOGING SOURCE
- Original cataloging agency: OSt
- Transcribing agency: OSt
100 ## - HEADING--PERSONAL NAME
- Personal name: Ashok Kumar Sahoo; Ramanuj Kumar; Amlana Panda
670 ## - SOURCE DATA FOUND
- Source citation: Work cat.: (OSt)1734398: Ashok Kumar Sahoo; Ramanuj Kumar; Amlana Panda, Sustainable Hard Machining
